000 00384nam a22001457a 4500
003 OSt
020 _a0195689089
040 _c0
_d0
082 _222
_a658
100 _aJaubari, Vinnie and Dutta, Kirti.
245 _aServices :
_bMarketing, operations and management /
260 _aNew Delhi,
_bOxford University,
_cc2012.
300 _axv, 584 p. ;
_bill. ;
_c24 cm.
942 _2ddc
_cMAG
999 _c5055
_d5055